Once in a lifetime / (Record no. 234803)

000 -LEADER
fixed length control field 00686cam a2200217 a 4500
001 - CONTROL NUMBER
control field 1843512
003 - CONTROL NUMBER IDENTIFIER
control field Nust
005 - DATE AND TIME OF LATEST TRANSACTION
control field 20170330183842.0
008 - FIXED-LENGTH DATA ELEMENTS--GENERAL INFORMATION
fixed length control field 811207s1982 nyu 000 1 eng
010 ## - LIBRARY OF CONGRESS CONTROL NUMBER
LC control number 81019579
020 ## - INTERNATIONAL STANDARD BOOK NUMBER
International Standard Book Number 9780751542387 (pbk.) :
Terms of availability $6.95
040 ## - CATALOGING SOURCE
Original cataloging agency DLC
Transcribing agency DLC
Modifying agency DLC
-- OCoLC
050 00 - LIBRARY OF CONGRESS CALL NUMBER
Classification number PS3569.T33828
Item number O6 1982
082 00 - DEWEY DECIMAL CLASSIFICATION NUMBER
Classification number 813.54
Author Mark STE
100 1# - MAIN ENTRY--PERSONAL NAME
Personal name Steel, Danielle.
245 10 - TITLE STATEMENT
Title Once in a lifetime /
Statement of responsibility, etc. Danielle Steel.
260 ## - PUBLICATION, DISTRIBUTION, ETC.
Place of publication, distribution, etc. New York, N.Y. :
Name of publisher, distributor, etc. Dell Pub. Co.,
Date of publication, distribution, etc. 1982.
300 ## - PHYSICAL DESCRIPTION
Extent 341 p. ;
Dimensions 21 cm.
655 #7 - INDEX TERM--GENRE/FORM
Genre/form data or focus term Love stories.
Source of term gsafd
906 ## - LOCAL DATA ELEMENT F, LDF (RLIN)
a 7
b cbc
c orignew
d 1
e ocip
f 19
g y-gencatlg
942 ## - ADDED ENTRY ELEMENTS (KOHA)
Source of classification or shelving scheme
Koha item type Book
Holdings
Withdrawn status Lost status Source of classification or shelving scheme Damaged status Not for loan Permanent Location Current Location Shelving location Date acquired Total Checkouts Total Renewals Full call number Barcode Date last seen Date last checked out Copy number Price effective from Koha item type
          Central Library (CL) Central Library (CL) Fiction 03/30/2017 3 2 813.54 STE CL1142 08/12/2024 01/22/2024 1 03/30/2017 Book
© 2023 Central Library, National University of Sciences and Technology. All Rights Reserved.